[Event "Unterfränkischen EM 2014"]
[Site "Wörth am Main"]
[Date "2014.04.24"]
[Round "6.9"]
[White "Blank, Stefan"]
[Black "Schneider, Johannes"]
[Result "0-1"]
[WhiteElo "1865"]
[BlackElo "1843"]
[PlyCount "160"]
[EventDate "2014.??.??"]

1. e4 c5 2. Nf3 d6 3. g3 Nc6 4. Bg2 g6 5. O-O Bg7 6. c3 Nf6 7. Qe2 O-O 8. Na3
Nd7 9. Nc2 Nde5 10. Nxe5 Bxe5 11. d3 Bg7 12. f4 e6 13. h4 h5 14. f5 exf5 15.
exf5 Bxf5 16. Rxf5 gxf5 17. Qxh5 Qf6 18. Bg5 Qg6 19. Qf3 Bh6 20. Bxh6 Qxh6 21.
Qxf5 Qg6 22. Qf4 Rae8 23. Be4 f5 24. Bd5+ Kh7 25. Rf1 Re2 26. Rf2 Rxf2 27. Kxf2
Ne5 28. Ne1 Qg4 29. Qxg4 fxg4+ 30. Ke2 Kg7 31. Ng2 b5 32. Nf4 Kf6 33. b3 Ng6
34. Ng2 Ne7 35. Nf4 Nxd5 36. Nxd5+ Ke5 37. Ne3 Rg8 38. Ng2 a5 39. Nf4 a4 40. b4
cxb4 41. cxb4 Rc8 42. Kd2 d5 43. Ng6+ Kf6 44. Nf4 d4 45. Kd1 Rc6 46. Kd2 Ke5
47. h5 Kf6 48. Ne2 Rd6 49. Nf4 Kg5 50. Kd1 Rd7 51. Kd2 Kh6 52. Kd1 Re7 53. Kd2
Re3 54. Ne2 Kxh5 55. Nxd4 Rxg3 56. Nxb5 Rg2+ 57. Ke3 Rxa2 58. Nc3 Ra1 59. b5 a3
60. b6 a2 61. Kd4 Rb1 62. Nxa2 Rxb6 63. Nc3 g3 64. Nd5 Rd6 65. Ke5 Rxd5+ 66.
Kxd5 g2 67. d4 g1=Q 68. Ke5 Qg5+ 69. Kd6 Qd8+ 70. Ke5 Kg5 71. d5 Qd7 72. d6 Kg6
73. Kd5 Kf5 74. Kc5 Ke5 75. Kc4 Qxd6 76. Kc3 Qd4+ 77. Kb3 Ke4 78. Ka2 Kd3 79.
Kb1 Qb4+ 80. Kc1 Qb5 0-1

[Event "Unterfränkischen EM 2014"]
[Site "Wörth am Main"]
[Date "2014.04.24"]
[Round "6.10"]
[White "Simon, Jonathan"]
[Black "Bastian, Holger"]
[Result "1-0"]
[WhiteElo "1938"]
[BlackElo "1788"]
[PlyCount "58"]
[EventDate "2014.??.??"]

1. d4 Nf6 2. Nf3 g6 3. c4 Bg7 4. Nc3 d6 5. Bg5 c6 6. e3 O-O 7. Rc1 Nbd7 8. Be2
h6 9. Bh4 g5 10. Bg3 Nh5 11. Qc2 Nxg3 12. hxg3 e5 13. Ne4 Nf6 14. Nxd6 exd4 15.
c5 dxe3 16. Bc4 Qe7 17. O-O exf2+ 18. Rxf2 Nd5 19. Re1 Be6 20. a3 b6 21. b4 a5
22. Ne5 Qc7 23. Ng6 Rfb8 24. Rxe6 fxe6 25. Qe4 Re8 26. Ne5 Re7 27. Bd3 Bh8 28.
Qg6+ Rg7 29. Qxe6+ Qf7 1-0

[Event "Unterfränkischen EM 2014"]
[Site "Wörth am Main"]
[Date "2014.04.24"]
[Round "6.1"]
[White "Schwarz, Tobias"]
[Black "Kraus, Arnold"]
[Result "1-0"]
[WhiteElo "1634"]
[BlackElo "1656"]
[PlyCount "75"]
[EventDate "2014.??.??"]

1. e4 g6 2. d4 d6 3. Nc3 Bg7 4. Be3 Nf6 5. f3 O-O 6. Qd2 c6 7. O-O-O b5 8. Bh6
Qa5 9. Kb1 b4 10. Nce2 Na6 11. h4 Rb8 12. Bxg7 Kxg7 13. h5 Be6 14. d5 cxd5 15.
hxg6 fxg6 16. Nf4 Bg8 17. exd5 Nc5 18. Bc4 Na4 19. Bb3 Nb6 20. Nge2 Qc5 21. Nd4
Kf7 22. Nfe6 Qc8 23. Nxf8 Kxf8 24. Ne6+ Ke8 25. Rhe1 a5 26. a4 bxa3 27. bxa3
Bxe6 28. dxe6 Kf8 29. Qg5 Na4 30. Re3 Nb6 31. Rxd6 Na4 32. Red3 Nc3+ 33. Ka1
Qc7 34. Rd7 Qb6 35. Rxc3 Nxd7 36. exd7 Qd4 37. Qe3 Qf6 38. Qh6+ 1-0

[Event "Unterfränkischen EM 2014"]
[Site "Wörth am Main"]
[Date "2014.04.24"]
[Round "6.2"]
[White "Englert, Fred"]
[Black "Liebler, Jürgen"]
[Result "0-1"]
[WhiteElo "1813"]
[BlackElo "1684"]
[PlyCount "75"]
[EventDate "2014.??.??"]

1. c4 e5 2. g3 Bc5 3. Nc3 Nf6 4. Bg2 c6 5. Nf3 d6 6. O-O Be6 7. b3 O-O 8. Bb2
Bb6 9. d4 Qc7 10. dxe5 dxe5 11. Na4 Nbd7 12. Qc2 e4 13. Ng5 e3 14. c5 exf2+ 15.
Rxf2 h6 16. cxb6 axb6 17. Bxf6 Nxf6 18. Nxe6 fxe6 19. Bh3 Rfe8 20. Raf1 Nd5 21.
Qg6 Qe5 22. Bg2 Ne3 23. Be4 Nf5 24. Bxf5 exf5 25. Qxf5 Qd4 26. Qd3 Qe5 27. Qc4+
Re6 28. Nxb6 Rd8 29. Qc2 Qg5 30. Qc4 Qe5 31. Kg2 Rd4 32. Qc2 Re4 33. Rf8+ Kh7
34. Nc4 Qd5 35. R8f4 Kg8 36. Rxe4 Rxe4 37. Qd3 Rxe2+ 38. Kg1 0-1

[Event "Unterfränkischen EM 2014"]
[Site "Wörth am Main"]
[Date "2014.04.24"]
[Round "6.3"]
[White "Beyersdorf, Gunter"]
[Black "Heller, Thomas"]
[Result "1-0"]
[WhiteElo "1787"]
[BlackElo "1809"]
[PlyCount "49"]
[EventDate "2014.??.??"]

1. d4 d5 2. c4 c6 3. cxd5 Qxd5 4. Nc3 Qd8 5. Bf4 e6 6. e3 Bd6 7. Qg4 Bxf4 8.
Qxf4 Nf6 9. Bd3 O-O 10. Nf3 Nbd7 11. Qh4 h6 12. g4 Re8 13. g5 hxg5 14. Nxg5 Nf8
15. Rg1 e5 16. O-O-O exd4 17. Nxf7 Kxf7 18. Bc4+ Be6 19. Rxd4 N8d7 20. Ne4 Nxe4
21. Qh5+ Kg8 22. Qg6 Qf6 23. Rxd7 Bxc4 24. Rxg7+ Qxg7 25. Qxg7# 1-0

[Event "Unterfränkischen EM 2014"]
[Site "Wörth am Main"]
[Date "2014.04.24"]
[Round "6.4"]
[White "Wilm, Johannes"]
[Black "Saftenberger, Wolfgang"]
[Result "1/2-1/2"]
[WhiteElo "1551"]
[BlackElo "1682"]
[PlyCount "43"]
[EventDate "2014.??.??"]

1. e4 c5 2. Nf3 Nc6 3. d4 cxd4 4. Nxd4 d6 5. Nc3 Bd7 6. Be3 Nf6 7. Be2 g6 8.
O-O Bg7 9. h3 O-O 10. Qd2 a6 11. a4 Rc8 12. Rfd1 Qc7 13. Rac1 Na5 14. Bh6 Nc4
15. Bxc4 Qxc4 16. Bxg7 Kxg7 17. Ra1 Qb4 18. Ra3 Rc7 19. f3 Rfc8 20. Nde2 Be6
21. Rda1 Nd7 22. Qd4+ 1/2-1/2

[Event "Unterfränkischen EM 2014"]
[Site "Wörth am Main"]
[Date "2014.04.24"]
[Round "6.5"]
[White "Weikert, Benedikt"]
[Black "Heerlein, Gerd"]
[Result "1-0"]
[WhiteElo "1744"]
[BlackElo "1775"]
[PlyCount "69"]
[EventDate "2014.??.??"]

1. a3 Nf6 2. d4 g6 3. Nf3 Bg7 4. Nbd2 O-O 5. e4 d6 6. Bc4 Nc6 7. O-O Nxe4 8.
Bxf7+ Rxf7 9. Nxe4 d5 10. Neg5 Rf8 11. Re1 Qd6 12. Qe2 Nxd4 13. Nxd4 Bxd4 14.
Nf3 Bg4 15. Qd3 Bg7 16. Nd4 e5 17. Nb5 Qd7 18. f3 Bf5 19. Qb3 c6 20. Nc3 Rae8
21. Bg5 Be6 22. Qa4 b5 23. Qh4 Bf5 24. Re2 e4 25. fxe4 Bxc3 26. bxc3 Rxe4 27.
Rxe4 Bxe4 28. a4 a6 29. axb5 axb5 30. Be3 h5 31. h3 Qf5 32. Bd4 Kh7 33. Qe7+
Rf7 34. Qe8 Rf8 35. Ra7+ 1-0

[Event "Unterfränkischen EM 2014"]
[Site "Wörth am Main"]
[Date "2014.04.24"]
[Round "6.6"]
[White "Paeslack, Luis"]
[Black "Lamping, Peter"]
[Result "1-0"]
[WhiteElo "1491"]
[BlackElo "1585"]
[PlyCount "85"]
[EventDate "2014.??.??"]

1. e4 c5 2. Nf3 Nc6 3. d4 cxd4 4. Nxd4 Nf6 5. Nc3 e6 6. Be3 Bb4 7. f3 Bxc3+ 8.
bxc3 h6 9. Be2 O-O 10. O-O a6 11. Rb1 Qc7 12. Qd2 Ne7 13. Bd3 d6 14. Ne2 e5 15.
f4 Bd7 16. fxe5 dxe5 17. Bxh6 Ng4 18. Bg5 Ng6 19. h3 Qc5+ 20. Kh1 Nf2+ 21. Kh2
Nxd3 22. cxd3 Bc6 23. h4 f6 24. Be3 Qe7 25. h5 Nh8 26. Rh1 Rad8 27. Ng3 Rd7 28.
Qe2 Rfd8 29. Rbd1 Nf7 30. Kg1 Qa3 31. c4 Ba4 32. Rd2 Qb4 33. c5 Bb5 34. Kh2 Ng5
35. Rhd1 Ne6 36. Nf5 Nxc5 37. Bxc5 Qxc5 38. Qg4 Qf8 39. h6 Rc7 40. hxg7 Rxg7
41. Nxg7 Kf7 42. Nh5 Rc8 43. Rf2 1-0

[Event "Unterfränkischen EM 2014"]
[Site "Wörth am Main"]
[Date "2014.04.24"]
[Round "6.7"]
[White "Trapp, Kevin"]
[Black "Mattern, Kilian"]
[Result "1-0"]
[WhiteElo "1637"]
[BlackElo "1446"]
[PlyCount "55"]
[EventDate "2014.??.??"]

1. e4 c5 2. c3 d6 3. d4 cxd4 4. cxd4 Nf6 5. Nf3 Nc6 6. h3 Bd7 7. Be3 e5 8. Nc3
h6 9. a3 g6 10. Bc4 Bg7 11. Qd2 Rc8 12. Ba2 a6 13. Rc1 b5 14. O-O h5 15. Rfd1
O-O 16. Bg5 exd4 17. Nxd4 Qe8 18. Nxc6 Bxc6 19. Bxf6 Bxf6 20. Qxd6 Bxc3 21.
Rxc3 Qxe4 22. f3 Qe2 23. Qxg6+ Kh8 24. Qxh5+ Kg8 25. Rd4 Be4 26. Qg5+ Kh8 27.
Rxe4 Qd1+ 28. Kf2 1-0

[Event "Unterfränkischen EM 2014"]
[Site "Wörth am Main"]
[Date "2014.04.24"]
[Round "6.8"]
[White "Albert, Samuel"]
[Black "Chen, Jiuli"]
[Result "1-0"]
[WhiteElo "1464"]
[BlackElo "1493"]
[PlyCount "61"]
[EventDate "2014.??.??"]

1. d4 Nf6 2. c4 e6 3. Nf3 Bb4+ 4. Bd2 Bxd2+ 5. Qxd2 b6 6. g3 Bb7 7. Bg2 O-O 8.
Nc3 d6 9. O-O c5 10. Rad1 Nbd7 11. dxc5 dxc5 12. Qf4 Rc8 13. Nb5 a6 14. Nd6 Rc7
15. Nxb7 Rxb7 16. Ne5 Rc7 17. Nc6 e5 18. Nxe5 Re8 19. Rd2 Qc8 20. Nxd7 Rxd7 21.
Bh3 h6 22. Bxd7 Nxd7 23. Rfd1 Nf6 24. Qf3 Kh7 25. Rd6 Re5 26. Qd3+ Ne4 27. f3
Qh3 28. Rd5 f5 29. fxe4 Rxe4 30. b3 Rh4 31. Qxf5+ 1-0

[Event "Unterfränkischen EM 2014"]
[Site "Wörth am Main"]
[Date "2014.04.24"]
[Round "6.9"]
[White "Stolcz, Frank"]
[Black "Stegnar, Roland"]
[Result "1/2-1/2"]
[WhiteElo "1479"]
[BlackElo "1385"]
[PlyCount "34"]
[EventDate "2014.??.??"]

1. d4 d5 2. c4 e6 3. Nc3 Nf6 4. e3 Bb4 5. Bd2 Bxc3 6. Bxc3 Ne4 7. Bb4 Nc6 8.
Bd3 Nxb4 9. Qa4+ Nc6 10. Bxe4 dxe4 11. O-O-O O-O 12. h4 Qf6 13. Rd2 Rd8 14. a3
Bd7 15. Qd1 Ne7 16. g4 g6 17. g5 Qg7 1/2-1/2

[Event "Unterfränkischen EM 2014"]
[Site "Wörth am Main"]
[Date "2014.04.24"]
[Round "6.11"]
[White "Hartlaub, Marianne"]
[Black "Brennfleck, Martin"]
[Result "1-0"]
[WhiteElo "1596"]
[BlackElo "1464"]
[PlyCount "143"]
[EventDate "2014.??.??"]

1. Nf3 d5 2. c4 d4 3. e3 Nc6 4. exd4 Nxd4 5. Nxd4 Qxd4 6. Be2 Nf6 7. O-O Bg4 8.
Nc3 c6 9. d3 Bxe2 10. Nxe2 Qd7 11. b3 e6 12. Bb2 Be7 13. d4 O-O 14. Qc2 Bd8 15.
Rad1 Rc8 16. Rd3 Ne8 17. Rh3 f5 18. Rd1 Rf6 19. Nf4 Rh6 20. Rxh6 gxh6 21. Qe2
Bg5 22. Nxe6 Nc7 23. Nc5 Re8 24. Qf3 Qe7 25. g3 b6 26. Nd3 Qe2 27. Qxe2 Rxe2
28. Kf1 Rd2 29. Rxd2 Bxd2 30. Ke2 Bg5 31. Ne5 c5 32. dxc5 bxc5 33. Nd7 Ne6 34.
h3 Be7 35. f4 h5 36. Ne5 h4 37. Kf3 hxg3 38. Kxg3 a6 39. Kf3 Bh4 40. Nd7 Be1
41. Be5 Bb4 42. Nf6+ Kg7 43. Nh5+ Kg6 44. Ng3 Bd2 45. h4 Nd4+ 46. Bxd4 cxd4 47.
h5+ Kh6 48. Nxf5+ Kxh5 49. Nxd4 Bb4 50. Ne6 Kg6 51. Nc7 h6 52. Ke4 Kf6 53. f5
Bd2 54. Nd5+ Kf7 55. Kf3 Bc1 56. Kg4 Ba3 57. b4 Bb2 58. b5 axb5 59. cxb5 Ke8
60. a4 Kd8 61. a5 Kc8 62. f6 Ba3 63. a6 Kb8 64. b6 Bc5 65. Kh5 Bd6 66. Kxh6 Bc5
67. Kg6 Bd6 68. Kf7 Bc5 69. Ke8 Bd6 70. f7 Bc5 71. f8=Q Bxf8 72. Kxf8 1-0

[Event "Unterfränkischen EM 2014"]
[Site "Wörth am Main"]
[Date "2014.04.24"]
[Round "6.12"]
[White "Porstendörfer, Yannik"]
[Black "Träger, Dominik"]
[Result "0-1"]
[WhiteElo "904"]
[BlackElo "1615"]
[PlyCount "66"]
[EventDate "2014.??.??"]

1. e4 e6 2. d4 d5 3. Nc3 Bb4 4. e5 f6 5. Bd2 fxe5 6. dxe5 Ne7 7. a3 Bc5 8. Nf3
O-O 9. Bd3 Nbc6 10. O-O Nd4 11. Nxd4 Bxd4 12. Qh5 Nf5 13. g4 g6 14. Qh3 Nh4 15.
g5 Nf3+ 16. Kh1 Nxd2 17. Rg1 Bxe5 18. Rg4 Rf3 19. Qh6 Bg7 20. Qh4 e5 21. Rg3
Rf4 22. Rg4 Rxg4 23. Qh3 Rg1+ 24. Rxg1 Bxh3 25. Rg3 Be6 26. Rg2 d4 27. Ne2 Bd5
28. h4 Bxg2+ 29. Kxg2 Qd5+ 30. Kg3 Qh1 31. Kg4 Qg2+ 32. Ng3 Rf8 33. f4 Rxf4#
0-1